000 00725nam a22001937a 4500
010 _a1718CH-EN
020 _a9789384757960
_c199.00
035 _aB-673200-205
037 _aDPL
_bBSB
082 _aS
100 _aSharma, Natasha
245 _aSquiggle gets stuck:
_cby Natasha Sharma; illustrated by Vikram Nandwani
_ball about muddled sentences /
260 _aGurgaon
_bPuffin Book
_c2016
270 _a7th Floor, Infinity Tower C, DLF Cyber City,
_bGurgaon
_e122002
300 _a84p.
_c19cm(pbk)
700 _aNandwani, Vikram
942 _2ddc
_cCH
_mSHA
_hS
999 _c141668
_d141668